Las concepciones cognitivas de la personalidad
Wedi'i Gadw mewn:
| Prif Awdur: | |
|---|---|
| Fformat: | Llyfr |
| Iaith: | Sbaeneg |
| Cyhoeddwyd: |
Madrid
Fundamentos
1989
|
| Cyfres: | Serie Psicología Básica y Clínica, 143
|
| Pynciau: | |
| Tagiau: |
Ychwanegu Tag
Dim Tagiau, Byddwch y cyntaf i dagio'r cofnod hwn!
|
MARC
| LEADER | 00000nam a2200000 a 4500 | ||
|---|---|---|---|
| 001 | UCN4989 | ||
| 003 | CL-VaPUC | ||
| 008 | 010817e19890000SP |||||||||||||||||spa|d | ||
| 082 | 0 | 4 | |a 155.2 |b HUT |2 21 |
| 100 | 0 | |a Huteau, Michel |e author |9 461119 | |
| 245 | 1 | 4 | |a Las concepciones cognitivas de la personalidad |
| 300 | |a 263 p | ||
| 942 | |c BK | ||
| 945 | |d 20010817 00:00:00 |a cmena | ||
| 260 | |a Madrid |b Fundamentos |c 1989 | ||
| 650 | 0 | |a Psicología individual |9 309049 | |
| 650 | 0 | |a Psicología cognitiva |9 306250 | |
| 650 | 0 | |a Personalidad |9 307255 | |
| 650 | 0 | |a Comportamiento |9 308406 | |
| 650 | 0 | |a Cognición |9 270347 | |
| 650 | 0 | |a Percepción |9 266750 | |
| 583 | |a last modification |c 20130101 09:45:27 |k Rodrigo Vera | ||
| 490 | 0 | |a Serie Psicología Básica y Clínica, 143 | |
| 999 | |c 296815 |d 296813 | ||
| 952 | |0 0 |1 0 |4 0 |6 155_200000000000000_HUT_1989 |7 0 |8 A |9 350998 |a FDOPOS |b FDOPOS |d 2019-11-20 |i 3691934 |o 155.2 HUT 1989 |p 3691934 |r 2025-01-22 |w 2019-11-20 |y BK |k MLA | ||